[Event "25. Offene Herner Stadtmeisterschaft 2024"]
[Site "Herne-Sodingen"]
[Date "2024.01.29"]
[Round "1.27"]
[White "Gausmann, Thomas"]
[Black "Griese, Andreas"]
[Result "1-0"]
[WhiteElo "1772"]
[BlackElo "1259"]
[PlyCount "77"]
[EventDate "2024.??.??"]
[WhiteTeam "SG Bochum 1931"]
[BlackTeam "SC Scharnhorst 2002"]

1. e4 c5 2. c3 d6 3. d4 cxd4 4. cxd4 Nc6 5. Nc3 a6 6. Nf3 e6 7. Bd3 Nge7 8. O-O g6 9. Be3 Bg7 10. Qd2 h6 11. a3 O-O 12. Bxh6 Kh7 13. Ng5+ Kg8 14. Bxg7 Kxg7 15. Ne2 f5 16. Bc4 d5 17. exd5 Nxd5 18. Nc3 Qd6 19. f4 b5 20. Bxd5 exd5 21. Rae1 Bd7 22. Rf2 Rae8 23. Rfe2 Rxe2 24. Rxe2 Re8 25. Rxe8 Bxe8 26. b4 Bd7 27. Qf2 Be6 28. Qh4 Bg8 29. Qf2 Qf6 30. Nf3 Qd6 31. Qe3 Qe6 32. Kf2 Qxe3+ 33. Kxe3 Be6 34. Ne5 Nxe5 35. dxe5 Kf7 36. Kd4 Ke7 37. Nxd5+ Bxd5 38. Kxd5 Kd7 39. e6+ 1-0

[Event "25. Offene Herner Stadtmeisterschaft 2024"]
[Site "Herne-Sodingen"]
[Date "2024.01.29"]
[Round "1.28"]
[White "Wickenfeld, Udo"]
[Black "Gregoritsch, Dirk"]
[Result "0-1"]
[WhiteElo "1200"]
[BlackElo "1766"]
[PlyCount "68"]
[EventDate "2024.??.??"]
[WhiteTeam "SC Recklinghausen Altsta"]
[BlackTeam "SV Unser Fritz Wanne-E"]

1. d4 Nf6 2. c4 c5 3. d5 b5 4. cxb5 a6 5. Nc3 axb5 6. Nxb5 Qa5+ 7. Nc3 Ba6 8. a3 d6 9. Qa4+ Qxa4 10. Nxa4 Nxd5 11. Nc3 Nxc3 12. bxc3 Nc6 13. Nf3 g6 14. Rb1 Bg7 15. Bb2 O-O 16. Nd2 Rab8 17. e3 Bxf1 18. Rxf1 Na5 19. Ke2 Nb3 20. h3 d5 21. Rfd1 e6 22. Kf1 Nxd2+ 23. Rxd2 Rb3 24. Rc2 Rfb8 25. g4 c4 26. Ke2 Bxc3 27. Kd1 Rxb2 28. Rbc1 Rxc2 29. Rxc2 Rb1+ 30. Rc1 Rxc1+ 31. Kxc1 Kf8 32. f3 Ke7 33. Kc2 Ba5 34. a4 e5 0-1

[Event "25. Offene Herner Stadtmeisterschaft 2024"]
[Site "Herne-Sodingen"]
[Date "2024.01.29"]
[Round "1.29"]
[White "Löffelbein, Klaus"]
[Black "Deppe, Stephan"]
[Result "1-0"]
[WhiteElo "1758"]
[BlackElo "1200"]
[PlyCount "71"]
[EventDate "2024.??.??"]
[WhiteTeam "SC Gerthe 46 - Werne"]
[BlackTeam "vereinslos"]

1. d4 d5 2. c4 e6 3. Nc3 Nf6 4. Nf3 c6 5. Bf4 Bd6 6. Ne5 Bxe5 7. dxe5 Nfd7 8. e4 Nb6 9. Qg4 Rg8 10. Rd1 d4 11. c5 N6d7 12. Rxd4 Qe7 13. b4 a6 14. Be2 f6 15. Qg3 fxe5 16. Bxe5 Nxe5 17. Qxe5 Nd7 18. Qg3 Qf6 19. Qe3 a5 20. a3 axb4 21. axb4 Ra1+ 22. Bd1 Ra3 23. O-O Ne5 24. f4 Nf7 25. e5 Qe7 26. Qc1 Ra8 27. Ne4 Bd7 28. Bh5 Kf8 29. Bxf7 Qxf7 30. Ng5 Qe7 31. Rfd1 Rd8 32. Nxh7+ Ke8 33. Qc2 Qf7 34. Ng5 Qf5 35. Qxf5 exf5 36. e6 1-0

[Event "25. Offene Herner Stadtmeisterschaft 2024"]
[Site "Herne-Sodingen"]
[Date "2024.01.29"]
[Round "1.30"]
[White "Meiler, Wolfgang"]
[Black "Müller-Kreth, Kai"]
[Result "0-1"]
[WhiteElo "1163"]
[BlackElo "1754"]
[PlyCount "80"]
[EventDate "2024.??.??"]
[WhiteTeam "Bochumer SV 02"]
[BlackTeam "SK Sodingen/Castrop 24/23 e. V."]

1. d4 Nf6 2. c4 e6 3. Nf3 d5 4. e3 c5 5. b3 cxd4 6. exd4 Nc6 7. Be2 Bd6 8. a3 h6 9. c5 Bc7 10. O-O a5 11. Bd2 Ne4 12. Be3 O-O 13. Bd3 f5 14. Qc2 Bd7 15. Nc3 Qf6 16. Nb5 Bb8 17. Be2 g5 18. h3 f4 19. Bc1 e5 20. Bb2 Bf5 21. Bd3 h5 22. dxe5 Nxe5 23. Nxe5 Bxe5 24. Bxe5 Qxe5 25. f3 Ng3 26. Rfe1 Qf6 27. Nd6 Qd4+ 28. Kh2 Qxd3 29. Qxd3 Bxd3 30. Nxb7 Bc2 31. b4 axb4 32. axb4 Rxa1 33. Rxa1 d4 34. c6 Rc8 35. b5 Nf5 36. Rc1 d3 37. Nc5 d2 38. Rxc2 d1=Q 39. Ra2 Ng3 40. Ra1 Qxa1 0-1

[Event "25. Offene Herner Stadtmeisterschaft 2024"]
[Site "Herne-Sodingen"]
[Date "2024.01.29"]
[Round "1.31"]
[White "Boxberg, Olaf"]
[Black "Suberski, Lukas"]
[Result "1-0"]
[WhiteElo "1746"]
[BlackElo "1157"]
[PlyCount "83"]
[EventDate "2024.??.??"]
[WhiteTeam "SV Datteln 1924"]
[BlackTeam "SV Unser Fritz Wanne-E"]

1. Nf3 g6 2. d4 Bg7 3. Nc3 d6 4. e4 a6 5. Be3 Bg4 6. Be2 Nd7 7. Qd2 e6 8. h3 Bxf3 9. Bxf3 b5 10. h4 h5 11. O-O-O Nb6 12. b3 Qd7 13. e5 d5 14. g4 a5 15. gxh5 gxh5 16. Rhg1 Bf8 17. Qe2 a4 18. Qxb5 axb3 19. Qxd7+ Kxd7 20. axb3 Ne7 21. Kb2 Nf5 22. Bg5 Be7 23. Ne2 Rhb8 24. Bxe7 Kxe7 25. Bxh5 Rh8 26. Bg4 Nxh4 27. Ra1 Rab8 28. Nf4 Ng6 29. Nxg6+ fxg6 30. Rg2 Rh6 31. Rag1 Rg8 32. Be2 Nd7 33. Bd3 Kf7 34. f4 c5 35. Bb5 Ke7 36. Bxd7 Kxd7 37. dxc5 Kc6 38. b4 Rb8 39. Kb3 Rh3+ 40. c3 d4 41. Rg3 Rxg3 42. Rxg3 1-0

[Event "25. Offene Herner Stadtmeisterschaft 2024"]
[Site "Herne-Sodingen"]
[Date "2024.01.29"]
[Round "1.32"]
[White "Malessa, Uwe"]
[Black "Schatte, Michael"]
[Result "0-1"]
[WhiteElo "1039"]
[BlackElo "1743"]
[PlyCount "64"]
[EventDate "2024.??.??"]
[WhiteTeam "SV Erkenschwick 1923 e"]
[BlackTeam "vereinslos"]

1. Nf3 a6 2. d4 d5 3. Bf4 Nf6 4. c4 dxc4 5. Nc3 Nd5 6. Bg3 b5 7. e4 Nxc3 8. bxc3 Bb7 9. d5 c6 10. d6 exd6 11. Be2 Be7 12. O-O O-O 13. Qc2 Nd7 14. Rad1 d5 15. e5 Re8 16. Nd4 Bc5 17. f4 f6 18. Bh5 Re7 19. Kh1 g6 20. Bxg6 Bxd4 21. cxd4 hxg6 22. Qxg6+ Rg7 23. Qf5 Bc8 24. Bh4 Nxe5 25. Qxf6 Qxf6 26. Bxf6 Nd3 27. Bxg7 Kxg7 28. h4 Bf5 29. Kh2 Rh8 30. Kg3 Kf6 31. Rh1 Rg8+ 32. Kf3 Bg4+ 0-1

[Event "25. Offene Herner Stadtmeisterschaft 2024"]
[Site "Herne-Sodingen"]
[Date "2024.01.29"]
[Round "1.33"]
[White "Hielscher, Fabian"]
[Black "Mohammad, Othman"]
[Result "1-0"]
[WhiteElo "1736"]
[BlackElo "1200"]
[WhiteTeam "SV Wattenscheid 1930 e"]
[BlackTeam "SG Wanne"]

1. d4 d5 2. c4 Nf6 3. cxd5 Nxd5 4. e4 Nb6 5. Nc3 g6 6. Bf4 Bg7 7. Nb5 Na6 8. Ne2 c6 9. Nbc3 O-O 10. g3 Bg4 11. Bg2 Qd7 12. f3 Be6 13. b3 Rad8 14. Be3 Rc8 15. O-O Rfd8 16. a3 Qe8 17. Qc2 c5 18. d5 Bd7 19. Rac1 c4 20. b4 Na4 21. Bxa7 Nc7 22. Bd4 Nxc3 23. Bxc3 Nb5 24. Bxg7 Kxg7 25. a4 Nd6 26. b5 Rc5 27. Qb2+ f6 28. Nd4 Ra8 29. Qb4 Qc8 30. Nc6 Rxc6 31. dxc6 bxc6 32. bxc6 Qxc6 33. a5 Qc7 34. Ra1 c3 35. Rfc1 Nb5 36. Bf1 Rb8 37. Qxe7+ Kg8 38. Bxb5 Rxb5 39. Rxc3 Qa7+ 40. Kh1 Qd4 41. Rac1 Qxc3 42. Rxc3 Bh3 43. Qe8+ Kg7 44. Qxb5 1-0

[Event "25. Offene Herner Stadtmeisterschaft 2024"]
[Site "Herne-Sodingen"]
[Date "2024.01.29"]
[Round "1.34"]
[White "Franzel, Christian"]
[Black "Klein, Andreas"]
[Result "0-1"]
[WhiteElo "1200"]
[BlackElo "1735"]
[PlyCount "66"]
[EventDate "2024.??.??"]
[WhiteTeam "SV Schwarz-Weiss Oberha"]
[BlackTeam "SC Buer-Hassel 1919 e. V."]

1. Nf3 d6 2. d3 c6 3. g3 g6 4. Bg2 Bg7 5. c3 Nf6 6. Nbd2 Qc7 7. Qc2 e5 8. b3 Nbd7 9. Bb2 O-O 10. O-O Re8 11. e4 Nf8 12. Rfe1 Bd7 13. a4 Rad8 14. b4 h6 15. Nf1 Qc8 16. Kh1 Nh5 17. Ng1 Nh7 18. Rad1 Ng5 19. Bc1 Nh7 20. Be3 b6 21. Qd2 g5 22. h4 Bf6 23. Nf3 gxh4 24. gxh4 Bh3 25. N1h2 Bxg2+ 26. Kxg2 Kh8 27. Bxh6 Rg8+ 28. Bg5 Nf4+ 29. Kh1 Bxg5 30. Nxg5 Nxg5 31. hxg5 Rxg5 32. Rg1 Rxg1+ 33. Kxg1 Rg8+ 0-1

[Event "25. Offene Herner Stadtmeisterschaft 2024"]
[Site "Herne-Sodingen"]
[Date "2024.01.29"]
[Round "1.35"]
[White "Dlouhy, Peter"]
[Black "Nouman, Abdulrrahman"]
[Result "1-0"]
[WhiteElo "1729"]
[BlackElo "1200"]
[PlyCount "117"]
[EventDate "2024.??.??"]
[WhiteTeam "SV Unser Fritz Wanne-E"]
[BlackTeam "SG Wanne"]

1. d4 d5 2. Bf4 e6 3. e3 Bd6 4. Bg3 Bxg3 5. hxg3 Nc6 6. Nf3 Qe7 7. c3 e5 8. dxe5 Nxe5 9. Nbd2 Nxf3+ 10. Nxf3 Nf6 11. Bd3 h6 12. Qc2 Bd7 13. O-O-O O-O-O 14. Nd4 Kb8 15. Nf5 Bxf5 16. Bxf5 Qc5 17. Rd4 g6 18. Bd3 Nd7 19. Rd1 c6 20. b4 Qe7 21. b5 cxb5 22. Bxb5 Nb6 23. Qb3 Qc7 24. a4 Nc4 25. Rxd5 Na5 26. Rxd8+ Rxd8 27. Rxd8+ Qxd8 28. Qxf7 a6 29. Qe8 Qxe8 30. Bxe8 Kc7 31. e4 Nb3+ 32. Kc2 Nc5 33. Bxg6 Nxa4 34. Kd3 Kd6 35. Kd4 Nb6 36. f4 Nd7 37. e5+ Ke7 38. Be4 b6 39. f5 Nc5 40. f6+ Kd7 41. g4 a5 42. Bd5 a4 43. Ba2 Nb3+ 44. Kd5 Nc5 45. g3 a3 46. Bc4 Ne6 47. Ke4 Nf8 48. Kf5 Kc6 49. e6 Nd7 50. exd7 Kxd7 51. Kg6 Kd6 52. f7 Kc5 53. Ba2 h5 54. f8=Q+ Kb5 55. Qb4+ Ka6 56. Qxa3+ Kb7 57. Bd5+ Kb8 58. Qe7 Kc8 59. Bc6 1-0

[Event "25. Offene Herner Stadtmeisterschaft 2024"]
[Site "Herne-Sodingen"]
[Date "2024.01.29"]
[Round "1.36"]
[White "Bunzel, Robert"]
[Black "Sikorski, Thomas"]
[Result "0-1"]
[WhiteElo "1200"]
[BlackElo "1728"]
[PlyCount "77"]
[EventDate "2024.??.??"]
[WhiteTeam "SV Wattenscheid 1930 e"]
[BlackTeam "SK Sodingen/Castrop 24/23 e. V."]

1. c4 c6 2. Nc3 d6 3. e4 e5 4. Nf3 Nf6 5. h3 Be7 6. d3 O-O 7. Be2 Re8 8. Bd2 Nbd7 9. Qb3 Qc7 10. Na4 Nf8 11. Rc1 Ng6 12. Bg5 Be6 13. Nh4 b5 14. Nxg6 hxg6 15. Nc3 a5 16. a4 bxc4 17. dxc4 Reb8 18. Qc2 Rb4 19. b3 Rab8 20. Rb1 Qb6 21. Be3 Qb7 22. O-O d5 23. exd5 cxd5 24. Bf3 Bf5 25. Qd1 Bxb1 26. Nxb1 e4 27. Be2 Rxb3 28. Nd2 Rb4 29. Bf4 Rd8 30. Qc2 d4 31. Bg4 Nxg4 32. hxg4 d3 33. Qc3 Bf6 34. Be5 Qe7 35. Bxf6 Qxf6 36. Nxe4 Qxc3 37. Nxc3 Rxc4 38. Nb1 d2 39. Rd1 0-1

[Event "25. Offene Herner Stadtmeisterschaft 2024"]
[Site "Herne-Sodingen"]
[Date "2024.01.29"]
[Round "1.37"]
[White "Schicktanz, Florian"]
[Black "Masoudi, Mohammadmahdi"]
[Result "1/2-1/2"]
[WhiteElo "1725"]
[BlackElo "1200"]
[PlyCount "74"]
[EventDate "2024.??.??"]
[WhiteTeam "SV Erkenschwick 1923 e"]
[BlackTeam "Bochumer SV 02"]

1. c4 c5 2. g3 g6 3. Bg2 Bg7 4. Nf3 Nc6 5. Nc3 e5 6. d3 Nge7 7. Bg5 h6 8. Bd2 O-O 9. O-O d6 10. Rb1 a5 11. Nb5 Be6 12. e4 f5 13. Ng5 Bd7 14. Nxd6 Qc7 15. Nb5 Qd8 16. exf5 Bxf5 17. Be4 Qd7 18. Bd5+ Nxd5 19. cxd5 Nd4 20. Nxd4 exd4 21. Qb3 b5 22. Ne6 a4 23. Qc2 Qxd5 24. Nxf8 Bh3 25. f3 Bxf1 26. Rxf1 Rxf8 27. b3 axb3 28. axb3 Rxf3 29. Rxf3 Qxf3 30. Bf4 Qd5 31. Bb8 Bf8 32. Bf4 Bd6 33. Qe2 Bxf4 34. Qe8+ Kg7 35. gxf4 Qxb3 36. Qe7+ Kg8 37. Qe8+ Kg7 1/2-1/2

[Event "25. Offene Herner Stadtmeisterschaft 2024"]
[Site "Herne-Sodingen"]
[Date "2024.01.29"]
[Round "1.38"]
[White "Muschal, Holger"]
[Black "Feldhaus, Thomas"]
[Result "0-1"]
[WhiteElo "1200"]
[BlackElo "1710"]
[PlyCount "68"]
[EventDate "2024.??.??"]
[WhiteTeam "SV Waltrop 1922 e. V."]
[BlackTeam "Recklingh?er SV Süd/"]

1. e4 d6 2. Nf3 Bg4 3. Be2 c6 4. O-O e6 5. d4 Nf6 6. Nc3 Be7 7. e5 Nfd7 8. exd6 Bxd6 9. Be3 O-O 10. Bd3 Nf6 11. h3 Bh5 12. Ne4 Nd5 13. Bd2 Be7 14. Ng3 Bg6 15. Bxg6 hxg6 16. c3 Nd7 17. Re1 b5 18. b4 a5 19. a3 N7b6 20. Rc1 Nc4 21. Qb3 axb4 22. axb4 Ra3 23. Qc2 Qc7 24. Ra1 Rfa8 25. Rxa3 Rxa3 26. Be3 Bd6 27. Nd2 Bxg3 28. fxg3 Qxg3 29. Bf2 Qxc3 30. Qxc3 Rxc3 31. Nxc4 Rxc4 32. Rb1 Nb6 33. Kf1 Nd5 34. Ke2 Nc3+ 0-1

[Event "25. Offene Herner Stadtmeisterschaft 2024"]
[Site "Herne-Sodingen"]
[Date "2024.02.05"]
[Round "2.1"]
[White "Funke, Eckhard"]
[Black "Koscielski, Janusz"]
[Result "0-1"]
[WhiteElo "1806"]
[BlackElo "2230"]
[PlyCount "102"]
[EventDate "2024.??.??"]
[WhiteTeam "SV Günnigfeld 1922 e."]
[BlackTeam "SV Wattenscheid 1930 e"]

1. d4 Nf6 2. c4 g6 3. Nc3 Bg7 4. e4 d6 5. h3 O-O 6. Nf3 e5 7. dxe5 dxe5 8. Qxd8 Rxd8 9. Bg5 Nbd7 10. O-O-O Rf8 11. Nd5 Nxe4 12. Ne7+ Kh8 13. Nxc8 Nxf2 14. Rxd7 Nxh1 15. Ne7 Ng3 16. Nd2 f6 17. Bh4 Nxf1 18. Nxf1 Bh6+ 19. Kc2 Rf7 20. Rxc7 Bf8 21. Nd5 Rxc7 22. Nxc7 Rc8 23. Bxf6+ Bg7 24. Bxg7+ Kxg7 25. Nd5 Rxc4+ 26. Kb3 Rd4 27. Nfe3 Kf7 28. Kc3 a6 29. Nb4 Rd8 30. Nbc2 Ke6 31. b4 h5 32. a4 Rd7 33. a5 e4 34. b5 Ke5 35. bxa6 bxa6 36. Kc4 Rc7+ 37. Kb3 Rb7+ 38. Kc3 Kf4 39. Nd5+ Kg3 40. Nce3 Rb5 41. Kd4 Rxa5 42. Kxe4 Rb5 43. Nc3 Rb6 44. Ke5 a5 45. Ne4+ Kh2 46. g4 h4 47. Kf4 a4 48. Kf3 a3 49. g5 a2 50. Ng4+ Kg1 51. Nc3 Rb3 0-1

[Event "25. Offene Herner Stadtmeisterschaft 2024"]
[Site "Herne-Sodingen"]
[Date "2024.02.05"]
[Round "2.2"]
[White "Quast, Marcel"]
[Black "Kleinert, Andreas"]
[Result "1/2-1/2"]
[WhiteElo "2156"]
[BlackElo "1805"]
[PlyCount "57"]
[EventDate "2024.??.??"]
[WhiteTeam "SC Gerthe 46 - Werne"]
[BlackTeam "SC Buer-Hassel 1919 e. V."]

1. e4 d6 2. d4 Nf6 3. Nc3 e5 4. Nf3 Nbd7 5. Bc4 Be7 6. O-O O-O 7. a4 c6 8. Re1 b6 9. b3 a6 10. Bb2 Bb7 11. Qe2 b5 12. axb5 axb5 13. Rxa8 Bxa8 14. Bd3 Qc7 15. Nd1 Re8 16. Ne3 Bf8 17. dxe5 dxe5 18. Ra1 Bb7 19. Qe1 Nc5 20. Qa5 Bd6 21. Qxc7 Bxc7 22. Kf1 Nfd7 23. Ke2 Nxd3 24. Kxd3 Nc5+ 25. Ke2 f6 26. Nd2 Ra8 27. Rxa8+ Bxa8 28. f3 Kf7 29. Bc3 1/2-1/2

[Event "25. Offene Herner Stadtmeisterschaft 2024"]
[Site "Herne-Sodingen"]
[Date "2024.02.05"]
[Round "2.3"]
[White "Boost, Jürgen"]
[Black "Werrn, Pascal"]
[Result "0-1"]
[WhiteElo "1797"]
[BlackElo "2132"]
[PlyCount "60"]
[EventDate "2024.??.??"]
[WhiteTeam "SC Gerthe 46 - Werne"]
[BlackTeam "SK Sodingen/Castrop 24/23 e. V."]

1. e4 c5 2. Nf3 Nc6 3. d4 cxd4 4. Nxd4 Nf6 5. Nc3 e5 6. Ndb5 d6 7. Bg5 a6 8. Na3 b5 9. Nd5 Be7 10. Bxf6 Bxf6 11. c3 O-O 12. Nc2 Rb8 13. Bd3 Bg5 14. h4 Bh6 15. Qe2 Be6 16. Nce3 Ne7 17. Nxe7+ Qxe7 18. Ng4 Bxg4 19. Qxg4 f5 20. exf5 e4 21. Bc2 e3 22. f4 Kh8 23. g3 d5 24. Qe2 b4 25. O-O bxc3 26. bxc3 Rbc8 27. Qd3 g6 28. Rf3 Bg7 29. Rxe3 Qa7 30. Kg2 Rxc3 0-1

[Event "25. Offene Herner Stadtmeisterschaft 2024"]
[Site "Herne-Sodingen"]
[Date "2024.02.05"]
[Round "2.4"]
[White "Bautz, Volker"]
[Black "Kiese, Matthias"]
[Result "0-1"]
[WhiteElo "1784"]
[BlackElo "2120"]
[PlyCount "54"]
[EventDate "2024.??.??"]
[WhiteTeam "Bochumer SV 02"]
[BlackTeam "Bochumer SV 02"]

1. e4 c5 2. Nf3 d6 3. Bb5+ Bd7 4. Bxd7+ Qxd7 5. O-O Nf6 6. Re1 Nc6 7. c3 e6 8. d4 cxd4 9. cxd4 d5 10. e5 Ne4 11. Nbd2 Nxd2 12. Bxd2 Be7 13. Rc1 O-O 14. Rc3 Rfc8 15. a3 Nd8 16. Rb3 Qa4 17. Bg5 Bxg5 18. Nxg5 h6 19. Nf3 Rc4 20. Rd3 Qa6 21. Qb3 Rac8 22. g3 R8c6 23. Ree3 Rb6 24. Qa2 Rc2 25. Rb3 Rc1+ 26. Re1 Rxe1+ 27. Nxe1 Qc4 0-1

[Event "25. Offene Herner Stadtmeisterschaft 2024"]
[Site "Herne-Sodingen"]
[Date "2024.02.05"]
[Round "2.5"]
[White "Gausmann, Thomas"]
[Black "Hammerich, Simon"]
[Result "1/2-1/2"]
[WhiteElo "1772"]
[BlackElo "2052"]
[PlyCount "66"]
[EventDate "2024.??.??"]
[WhiteTeam "SG Bochum 1931"]
[BlackTeam "SC Buer-Hassel 1919 e. V."]

1. e4 e6 2. d4 d5 3. exd5 exd5 4. Nf3 Nf6 5. Bd3 c5 6. O-O c4 7. Re1+ Be7 8. Bf1 O-O 9. c3 Nc6 10. Bg5 h6 11. Bh4 Re8 12. Nbd2 Bf5 13. Ne5 Qb6 14. Qf3 Be6 15. Rab1 Nxd4 16. cxd4 Qxd4 17. Bxf6 Bxf6 18. Ndxc4 dxc4 19. Re4 Qc5 20. Nxc4 Bd5 21. Rxe8+ Rxe8 22. Qf5 Qd4 23. b3 a6 24. Qd3 Qxd3 25. Bxd3 b5 26. Na3 Bb7 27. Kf1 h5 28. Rc1 Rc8 29. Rxc8+ Bxc8 30. Be4 g6 31. Ke2 Be5 32. h3 Kg7 33. Bc6 Be6 1/2-1/2

[Event "25. Offene Herner Stadtmeisterschaft 2024"]
[Site "Herne-Sodingen"]
[Date "2024.02.05"]
[Round "2.6"]
[White "Gregoritsch, Dirk"]
[Black "Callenberg, Ralf"]
[Result "1/2-1/2"]
[WhiteElo "1766"]
[BlackElo "2008"]
[PlyCount "76"]
[EventDate "2024.??.??"]
[WhiteTeam "SV Unser Fritz Wanne-E"]
[BlackTeam "Recklinghäuser SV Süd/"]

1. Nf3 Nf6 2. d4 g6 3. g3 Bg7 4. Bg2 d5 5. c4 c6 6. Qb3 dxc4 7. Qxc4 Be6 8. Qc2 Bf5 9. Qb3 Qb6 10. Nbd2 Nbd7 11. O-O Ne4 12. e3 O-O 13. Rd1 Rfd8 14. Qa3 Nd6 15. h3 Bc2 16. Re1 c5 17. Qc3 Bf5 18. Qb3 Qxb3 19. Nxb3 Rac8 20. Bd2 e5 21. dxc5 Nxc5 22. Nxc5 Rxc5 23. Bb4 Rb5 24. Ba3 Nc4 25. Rad1 Rxd1 26. Rxd1 Nxa3 27. Rd8+ Bf8 28. bxa3 Kg7 29. a4 Ra5 30. Nh4 Be6 31. Bxb7 Rxa4 32. Nf3 e4 33. Ng5 Bxa2 34. Rd7 h6 35. Nxf7 Bxf7 36. Bd5 Bc5 37. Rxf7+ Kh8 38. Rf6 Kg7 1/2-1/2

[Event "25. Offene Herner Stadtmeisterschaft 2024"]
[Site "Herne-Sodingen"]
[Date "2024.02.05"]
[Round "2.7"]
[White "Ribbeheger, Edgar"]
[Black "Löffelbein, Klaus"]
[Result "1-0"]
[WhiteElo "1971"]
[BlackElo "1758"]
[PlyCount "43"]
[EventDate "2024.??.??"]
[WhiteTeam "SK Sodingen/Castrop 24/23 e. V."]
[BlackTeam "SC Gerthe 46 - Werne"]

1. d4 d5 2. Nf3 Nf6 3. e3 Bf5 4. Nbd2 c6 5. Bd3 Be4 6. Bxe4 Nxe4 7. Nxe4 dxe4 8. Nd2 Qd5 9. c4 Qg5 10. O-O f5 11. Qb3 b6 12. c5 Nd7 13. cxb6 Nxb6 14. f3 Nd5 15. Nc4 exf3 16. Rxf3 Qg6 17. Qb7 Rd8 18. Ne5 Qe6 19. Rxf5 Qxf5 20. Qxc6+ Qd7 21. Nxd7 Rxd7 22. e4 1-0

[Event "25. Offene Herner Stadtmeisterschaft 2024"]
[Site "Herne-Sodingen"]
[Date "2024.02.05"]
[Round "2.8"]
[White "Müller-Kreth, Kai"]
[Black "Melmer, Felix"]
[Result "1-0"]
[WhiteElo "1754"]
[BlackElo "1969"]
[PlyCount "107"]
[EventDate "2024.??.??"]
[WhiteTeam "SK Sodingen/Castrop 24/23 e. V."]
[BlackTeam "SC Gerthe 46 - Werne"]

1. e4 c5 2. Nf3 Nc6 3. d4 cxd4 4. Nxd4 Nf6 5. Nc3 e5 6. Nb3 Bb4 7. f3 d5 8. exd5 Nxd5 9. Bd2 Nxc3 10. bxc3 Bd6 11. Bd3 O-O 12. O-O a5 13. a4 Be6 14. Re1 f5 15. Kh1 f4 16. Be4 Qh4 17. Bxf4 Rad8 18. Bg3 Qf6 19. Qe2 h5 20. Bxc6 bxc6 21. Bxe5 Qh4 22. Bxd6 Rxd6 23. Rad1 Bd5 24. Rd4 Qg5 25. Qd2 Rg6 26. Qxg5 Rxg5 27. h4 Rgf5 28. c4 Bf7 29. Nd2 c5 30. Rde4 Bg6 31. Re5 Rxe5 32. Rxe5 Rf5 33. Rxf5 Bxf5 34. Ne4 Kf7 35. Nd6+ Ke6 36. Nxf5 Kxf5 37. g3 Ke5 38. c3 Kf5 39. Kg2 g6 40. Kf2 Ke5 41. Ke3 Kf5 42. Kf2 Ke5 43. Kg2 Kf5 44. Kh3 Ke5 45. Kh2 Kf5 46. Kg1 Ke5 47. Kf2 Kf5 48. Ke2 Ke5 49. Kd3 Kf5 50. Ke3 g5 51. hxg5 Kxg5 52. Ke4 h4 53. gxh4+ Kxh4 54. f4 1-0

[Event "25. Offene Herner Stadtmeisterschaft 2024"]
[Site "Herne-Sodingen"]
[Date "2024.02.05"]
[Round "2.9"]
[White "Cobanoglu, Ferhat"]
[Black "Boxberg, Olaf"]
[Result "1/2-1/2"]
[WhiteElo "1951"]
[BlackElo "1746"]
[PlyCount "108"]
[EventDate "2024.??.??"]
[WhiteTeam "SK Sodingen/Castrop 24/23 e. V."]
[BlackTeam "SV Datteln 1924"]

1. e4 d6 2. d3 Nf6 3. Nf3 e5 4. Be2 c6 5. Nbd2 Be7 6. c3 Nbd7 7. O-O h6 8. a4 a5 9. b3 Qc7 10. Bb2 Nc5 11. Qc2 Be6 12. b4 Ncd7 13. bxa5 Rxa5 14. d4 O-O 15. c4 exd4 16. Nb3 Raa8 17. Nbxd4 Bg4 18. h3 Bxf3 19. Bxf3 Rfe8 20. Nf5 Bf8 21. g4 Ne5 22. Bg2 Nfd7 23. f4 Ng6 24. h4 Ne7 25. Ng3 f6 26. Kh1 Nc5 27. e5 dxe5 28. fxe5 fxe5 29. Qf2 Ng6 30. Be4 Nf4 31. Qc2 Qd8 32. g5 hxg5 33. hxg5 Qxg5 34. Bh7+ Kh8 35. Qh2 Qh6 36. Qxh6 gxh6 37. Rxf4 Kxh7 38. Rf7+ Kg6 39. Raf1 Bg7 40. Ba3 b6 41. Nh5 Kxh5 42. Rxg7 Rg8 43. Rf5+ Kh4 44. Rxg8 Rxg8 45. Bxc5 bxc5 46. Rxe5 Ra8 47. Rxc5 Rxa4 48. Rxc6 Kg3 49. Rg6+ Kf3 50. c5 Ra1+ 51. Kh2 Rc1 52. c6 h5 53. Rf6+ Ke4 54. Kg3 Kd5 1/2-1/2

[Event "25. Offene Herner Stadtmeisterschaft 2024"]
[Site "Herne-Sodingen"]
[Date "2024.02.05"]
[Round "2.10"]
[White "Schatte, Michael"]
[Black "Winterkamp, Sascha"]
[Result "1/2-1/2"]
[WhiteElo "1743"]
[BlackElo "1925"]
[PlyCount "25"]
[EventDate "2024.??.??"]
[WhiteTeam "vereinslos"]
[BlackTeam "SK Sodingen/Castrop 24/23 e. V."]

1. a3 g6 2. c4 Bg7 3. Nc3 d6 4. g3 e6 5. Bg2 Ne7 6. Nf3 Nd7 7. Rb1 h6 8. Qc2 f5 9. d4 g5 10. e3 Nf6 11. b4 Ng6 12. h4 a5 13. Nd2 1/2-1/2

[Event "25. Offene Herner Stadtmeisterschaft 2024"]
[Site "Herne-Sodingen"]
[Date "2024.02.05"]
[Round "2.11"]
[White "Wiechen, Ulrich"]
[Black "Hielscher, Fabian"]
[Result "1-0"]
[WhiteElo "1923"]
[BlackElo "1736"]
[PlyCount "67"]
[EventDate "2024.??.??"]
[WhiteTeam "SC Buer-Hassel 1919 e. V."]
[BlackTeam "SV Wattenscheid 1930 e"]

1. e4 c6 2. d4 d5 3. e5 Bf5 4. Ne2 e6 5. Ng3 Bg6 6. Bd3 Bxd3 7. Qxd3 c5 8. c3 Nc6 9. Nd2 Qb6 10. Nf3 cxd4 11. cxd4 Bb4+ 12. Kf1 Nge7 13. a3 Qa5 14. Rb1 Qc7 15. axb4 Nxb4 16. Qb3 a5 17. Bd2 Nbc6 18. Rc1 h5 19. h4 Nc8 20. Qb5 Kd7 21. Kg1 N8a7 22. Qe2 Qb6 23. Be3 Raf8 24. Kh2 f5 25. exf6 gxf6 26. Rhd1 Nb5 27. Qc2 Qd8 28. Bf4 Nd6 29. Bxd6 Kxd6 30. Qc5+ Kd7 31. Rd3 Rfg8 32. Rb3 Qb8 33. Qb5 Kc8 34. Rxc6+ 1-0

[Event "25. Offene Herner Stadtmeisterschaft 2024"]
[Site "Herne-Sodingen"]
[Date "2024.02.05"]
[Round "2.12"]
[White "Klein, Andreas"]
[Black "Rohloff, Markus"]
[Result "1/2-1/2"]
[WhiteElo "1735"]
[BlackElo "1896"]
[PlyCount "44"]
[EventDate "2024.??.??"]
[WhiteTeam "SC Buer-Hassel 1919 e. V."]
[BlackTeam "SV Rot-Weiß-Altenessen"]

1. e4 e6 2. d4 d5 3. Nd2 c5 4. exd5 exd5 5. Bb5+ Nc6 6. Qe2+ Qe7 7. dxc5 Qxe2+ 8. Nxe2 Bxc5 9. Nb3 Bb6 10. Bf4 Nf6 11. O-O O-O 12. c3 Bd7 13. Rad1 a6 14. Bd3 Bg4 15. h3 Bh5 16. Rd2 Ne4 17. Bxe4 dxe4 18. Ned4 Nxd4 19. Nxd4 Rad8 20. Be3 Rd7 21. g4 Bg6 22. Rfd1 Rfd8 1/2-1/2

[Event "25. Offene Herner Stadtmeisterschaft 2024"]
[Site "Herne-Sodingen"]
[Date "2024.02.05"]
[Round "2.13"]
[White "Klüting, Reiner"]
[Black "Dlouhy, Peter"]
[Result "1/2-1/2"]
[WhiteElo "1861"]
[BlackElo "1729"]
[PlyCount "28"]
[EventDate "2024.??.??"]
[WhiteTeam "SV Wattenscheid 1930 e"]
[BlackTeam "SV Unser Fritz Wanne-E"]

1. d4 b6 2. e4 Bb7 3. Nc3 e6 4. a3 Nf6 5. Bd3 d5 6. e5 Nfd7 7. f4 c5 8. Nf3 Nc6 9. Be3 Rc8 10. Qd2 cxd4 11. Nxd4 a6 12. O-O Nxd4 13. Bxd4 Bc5 14. Bxc5 Nxc5 1/2-1/2

[Event "25. Offene Herner Stadtmeisterschaft 2024"]
[Site "Herne-Sodingen"]
[Date "2024.02.05"]
[Round "2.14"]
[White "Sikorski, Thomas"]
[Black "Winzbeck, Frank"]
[Result "0-1"]
[WhiteElo "1728"]
[BlackElo "1850"]
[PlyCount "76"]
[EventDate "2024.??.??"]
[WhiteTeam "SK Sodingen/Castrop 24/23 e. V."]
[BlackTeam "SC Buer-Hassel 1919 e. V."]

1. c4 c5 2. Nc3 Nf6 3. Nf3 Nc6 4. d4 cxd4 5. Nxd4 d6 6. e4 g6 7. Be2 Bg7 8. Be3 O-O 9. O-O Bd7 10. Qd2 a6 11. Rfd1 Rc8 12. f3 Re8 13. Rac1 Nxd4 14. Bxd4 Bc6 15. Qe3 Nd7 16. Bxg7 Kxg7 17. Qd4+ Kg8 18. g3 Qa5 19. Kg2 Rf8 20. f4 Qc5 21. Qxc5 Nxc5 22. Bf3 b5 23. cxb5 Bxb5 24. Nd5 Kg7 25. Nxe7 Rce8 26. b4 Rxe7 27. bxc5 dxc5 28. Rxc5 Rb8 29. Rb1 Rd8 30. Rd1 Rxd1 31. Bxd1 Rxe4 32. Bf3 Re7 33. g4 Rd7 34. Bd5 Rxd5 35. Rc2 Bd3 36. Rb2 Be4+ 37. Kf2 Rd8 38. Ke3 Bd5 0-1